Catálogo público

Anales del Instituto Nacional de Investigaciones Agrarias : (Record no. 77724)

MARC details
000 -CABECERA
campo de control de longitud fija 01350cas a22003257ar4500
005 - FECHA Y HORA DE LA ÚLTIMA TRANSACCIÓN
campo de control 20220329142044.0
008 - DATOS DE LONGITUD FIJA--INFORMACIÓN GENERAL
campo de control de longitud fija 990503d19711979es ar p rnn uub0spa d
010 ## - NÚMERO DE CONTROL DE LA BIBLIOTECA DEL CONGRESO
Número de control de LC 77724
011 ## - ENLACE DEL NUMERO DE CONTROL DE LA BIBLIOTECA DEL CONGRESO [OBSOLETO]
Número de control de LC 78696
035 ## - NÚMERO DE CONTROL DEL SISTEMA
Número de control de sistema 88713
245 00 - MENCIÓN DE TÍTULO
Título Anales del Instituto Nacional de Investigaciones Agrarias :
Resto del título Serie Protección Vegetal
Mención de responsabilidad, etc. /por Instituto Nacional de Investigaciones Agrarias. Ministerio de Agricultura
260 0# - PUBLICACIÓN, DISTRIBUCIÓN, ETC.
Lugar de publicación, distribución, etc. Madrid, España :
Nombre del editor, distribuidor, etc. Instituto Nacional de Investigaciones Agrarias. Ministerio de Agricultura,
Fecha de publicación, distribución, etc. 1971-1979.
300 ## - DESCRIPCIÓN FÍSICA
Extensión n.
310 ## - PERIODICIDAD ACTUAL
Periodicidad actual Semestral
321 ## - PERIODICIDAD ANTERIOR
Periodicidad anterior Anual
362 ## - FECHAS DE PUBLICACIÓN Y/O DESIGNACIÓN SECUENCIAL
Fecha de publicación y/o designación secuencial n.11, 1979
590 ## - NOTA LOCAL (RLIN)
Nota local BATCH-UPD
Procedencia (VM) [OBSOLETO] 10
Condición del los carretes individuales (VM) [OBSOLETO] 20130110
-- UCH01
-- 0531
590 ## - NOTA LOCAL (RLIN)
Nota local BATCH-UPD
Procedencia (VM) [OBSOLETO] 10
Condición del los carretes individuales (VM) [OBSOLETO] 20130410
-- UCH01
-- 0211
590 ## - NOTA LOCAL (RLIN)
Nota local BATCH-UPD
Procedencia (VM) [OBSOLETO] 10
Condición del los carretes individuales (VM) [OBSOLETO] 20130914
-- UCH01
-- 1042
590 ## - NOTA LOCAL (RLIN)
Nota local CONVERSION
Procedencia (VM) [OBSOLETO] 10
Condición del los carretes individuales (VM) [OBSOLETO] 20130109
-- UCH01
-- 1343
650 14 - PUNTO DE ACCESO ADICIONAL DE MATERIA--TÉRMINO DE MATERIA
Término de materia o nombre geográfico como elemento de entrada Control de plagas
Subdivisión general Publicaciones periódicas.
9 (RLIN) 27599
650 14 - PUNTO DE ACCESO ADICIONAL DE MATERIA--TÉRMINO DE MATERIA
Término de materia o nombre geográfico como elemento de entrada Cultivos
Subdivisión general Enfermedades
-- Publicaciones periódicas.
9 (RLIN) 30264
650 14 - PUNTO DE ACCESO ADICIONAL DE MATERIA--TÉRMINO DE MATERIA
Término de materia o nombre geográfico como elemento de entrada Cultivos
Subdivisión general Plagas
-- Publicaciones periódicas.
9 (RLIN) 30307
780 ## - ENLACE A UN TÍTULO/ENTRADA ANTERIOR
Título Anales del Instituto Nacional de Investigaciones Agronómicas. 1960-1970
785 ## - ENTRADA/ENLACE A UN TÍTULO POSTERIOR
Título Anales del Instituto Nacional de Investigaciones Agrarias. Serie Agrícola 1980-
866 ## - MENCIÓN TEXTUAL DE FONDOS--UNIDAD BIBLIOGRÁFICA BÁSICA
Cadena textual n.1-7 (1971-1977)
866 ## - MENCIÓN TEXTUAL DE FONDOS--UNIDAD BIBLIOGRÁFICA BÁSICA
Cadena textual n.11-12 (1979)
901 ## - ELEMENTOS DE DATOS A LOCAL LDA (RLIN)
a SE
905 ## - ELEMENTOS DE DATOS E LOCAL, LDE (RLIN)
a Ma. del Socorro Iturbe C.

No items available.